Eurovision Song Contest 2025 - Participating Countries - Statistics

General Stats
  • This quiz has been taken 45 times
  • The average score is 36 of 37
Answers on the Map
Answers color-coded by a green-red scale on the quiz's map according to % correct below.
 
Answer Stats
Answer % Correct
960px-Flag_of_Austria.svg.png Austria
100%
960px-Flag_of_Ireland.svg.png Ireland
100%
960px-Flag_of_Ukraine.svg.png Ukraine
100%
960px-Flag_of_Greece.svg.png Greece
100%
960px-Flag_of_Portugal.svg.png Portugal
100%
960px-Flag_of_Montenegro.svg.png Montenegro
100%
960px-Flag_of_Latvia.svg.png Latvia
100%
960px-Flag_of_Estonia.svg.png Estonia
100%
960px-Flag_of_Denmark.svg.png Denmark
100%
960px-Flag_of_the_United_Kingdom_%281-2%29.svg.png United Kingdom
100%
960px-Flag_of_Finland.svg.png Finland
100%
960px-Flag_of_Iceland.svg.png Iceland
100%
960px-Flag_of_Norway.svg.png Norway
100%
960px-Flag_of_Italy.svg.png?20111003040337 Italy
100%
960px-Flag_of_Sweden.svg.png?20240819095330 Sweden
100%
960px-Flag_of_Spain.svg.png?20160610210450 Spain
100%
960px-Flag_of_Australia.svg.png?20190118170740 Australia
100%
960px-Flag_of_Germany.svg.png?20111003033442 Germany
100%
960px-Flag_of_France.svg.png?20220120162234 France
100%
960px-Flag_of_Lithuania.svg.png Lithuania
97%
960px-Flag_of_the_Netherlands.svg.png Netherlands
97%
960px-Flag_of_Armenia.svg.png Armenia
97%
960px-Flag_of_Malta.svg.png Malta
97%
960px-Flag_of_Israel.svg.png Israel
97%
960px-Flag_of_Luxembourg.svg.png Luxembourg
97%
960px-Flag_of_Switzerland.svg.png Switzerland
97%
960px-Flag_of_Poland.svg.png?20231119024730 Poland
97%
960px-Flag_of_Croatia.svg.png Croatia
95%
960px-Flag_of_Albania.svg.png Albania
95%
960px-Flag_of_Belgium.svg.png Belgium
95%
960px-Flag_of_the_Czech_Republic.svg.png Czechia
95%
960px-Flag_of_Cyprus.svg.png Cyprus
95%
960px-Flag_of_Azerbaijan.svg.png Azerbaijan
95%
960px-Flag_of_Georgia.svg.png Georgia
92%
960px-Flag_of_San_Marino.svg.png San Marino
92%
960px-Flag_of_Slovenia.svg.png Slovenia
89%
960px-Flag_of_Serbia.svg.png Serbia
89%
No matching quizzes found
Score Distribution
Percent of People with Each Score
Percentile by Number Answered
Your Score History
You have not taken this quiz